| 000 | 00923cam a22002894a 4500 | ||
|---|---|---|---|
| 008 | |||
| 020 | _a9780521519502 (hbk.) | ||
| 049 | _aMAIN | ||
| 090 |
_aRC280.B8 _bBRE |
||
| 245 | 0 | 0 |
_aBreast cancer / _cedited by Michael Michell. |
| 260 |
_aCambridge ; _aNew York : _bCambridge University Press, _c2010. |
||
| 300 |
_axii, 268 p. : _bill. ; _c26 cm. |
||
| 490 | 1 | _aContemporary issues in cancer imaging | |
| 504 | _aIncludes bibliographical references. | ||
| 500 | _aIncludes index. | ||
| 650 | 0 |
_aBreast _xCancer _xImaging. |
|
| 650 | 1 | 2 |
_aBreast Neoplasms _xdiagnosis. |
| 650 | 2 | 2 | _aBreast Neoplasms. |
| 650 | 2 | 2 |
_aDiagnostic Imaging _xmethods. |
| 700 | 1 | _aMichell, Michael. | |
| 830 | 0 | _aContemporary issues in cancer imaging. | |
| 907 |
_a.b10298769 _b08-08-12 _c16-06-11 |
||
| 003 | |||
| 005 | 20230120204104.0 | ||
| 040 | _cNUST | ||
| 942 |
_cBOOKS _kRC280.B8 _mBRE |
||
| 999 |
_c116911 _d116911 |
||